Responses for show #1901 - Monday, December 7, 1992

Dennis Donohue game 4.

Contestants

Paul Schlicher, a technical writer from Yardley, Pennsylvania

Carol Shaw, an information systems manager from Weston, Connecticut

Dennis Donohue, an administrative services officer from Litchfield Park, Arizona (whose 3-day cash winnings total $33,600)

[next game >>]

Jeopardy! Round responses

ANIMALS
FOOTWEAR
STATE CAPITALS
MAGAZINES
ANAGRAMS
INVISIBLE MEN
    $100 1
camels

Paul
    $100 16
loafers

Dennis
    $100 3
Sacramento

Dennis
    $100 9
New Yorker

Dennis
    $100 22
Bart (brat)

Carol
    $100 21
Chevy Chase

Triple Stumper
    $200 2
a swordfish

Carol
    $200 17
a slipper

Carol
    $200 5
Boston

Carol
    $200 10
Who

Dennis
    $200 23
ill (Lil)

Dennis
    $200 25
Kurt Russell

Carol
    $300 4
a Siamese

Paul
    $300 18
a deck shoe

Dennis
    $300 6
Honolulu

Carol
    $300 12
the Christian Science Monitor

Carol
    $300 24
mead (made)

Paul
    $300 27
Abbott & Costello

Dennis
    $400 11
its head

Carol
    $400 19
a castle

Carol
    $400 7
Pierre

Dennis
    $400 13
Dominick Dunne

Triple Stumper
    $400 26
normal (Marlon)

Paul
    $400 29
David McCallum

Paul
    $500 15
(Dennis: What is a hornet?)

a snake

Dennis
Triple Stumper
    $500 20
Hush Puppies

Dennis
    $500 8
Cheyenne

Paul
    $700 14
Vogue

Carol
    $500 28
Seamus (amuses)

Dennis
    $500 30
Steve Guttenberg

Triple Stumper

Scores at the first commercial break (after clue 14):

Dennis Carol Paul
$800 $2,100 $900

Scores at the end of the Jeopardy! Round:

Dennis Carol Paul
$2,200 $3,000 $2,000

Double Jeopardy! Round responses

HISTORY
FRUITS & VEGETABLES
AUTHORS
ART
GOVERNMENT & POLITICS
TUNNELS
    $200 1
women

Paul
    $200 13
bananas

Dennis
    $200 8
(Louisa May) Alcott

Dennis
    $200 19
Gauguin

Dennis
    $200 3
doves & hawks

Dennis
    $200 23
the English Channel

Dennis
    $1,000 2
Solomon

Paul
    $400 15
a Bartlett

Carol
    $400 9
O. Henry

Dennis
    $400 20
van Gogh

Dennis
    $400 5
prohibition

Carol
    $400 27
(Carol: What is France?)

Italy

CarolPaul
    $600 4
Maximilian

Paul
    $600 16
A

Paul
    $600 10
(James) Michener

Carol
    $600 21
Goya

Paul
    $600 14
the Secret Service

Carol
    $600 28
(Paul: What is the Lincoln Tunnel?)

the Holland Tunnel

DennisPaul
    $800 6
Gorky

Paul
    $800 25
(Carol: What is breadfruit?)

papaya

Carol
Triple Stumper
    $800 11
Goodbye, Mr. Chips

Carol
    $800 22
(Paul: Who is Rembrandt?)

Peter Paul Rubens

Paul
Triple Stumper
    $800 17
the General Accounting Office

Dennis
    $800 29
the Euphrates

Carol
    $1000 7
Sepoys

Paul
    $1000 26
an orange

Dennis
    $1,500 12
(Carol: Sorry, I don't know.)
(Alex: You don't even want to take a guess?)
(Carol: Nope.)

Ruritania

Carol
    $1000 24
(Paul: What is the Civil War?)

the Revolutionary War

CarolPaul
    $1000 18
a referendum

Paul
    $1000 30
(Carol: What is Topeka?)

Denver, Colorado

Carol
Triple Stumper

Scores at the end of the Double Jeopardy! Round:

Dennis Carol Paul
$6,400 $3,900 $5,800

[wagering suggestions for these scores]

Final Jeopardy! Round responses

COUNTRIES OF THE WORLD
CarolWhat is Sri Lanka
$0
PaulWhat is Indonesia?
$4,600
DennisWhat is Indonesia?
$6,299
Indonesia

Final scores:

Dennis Carol Paul
$12,699 $3,900 $10,400
4-day champion: $46,299 3rd place: Flute lamps & Wheel of Fortune + Jeopardy! for Super Nintendo & Sega Genesis 2nd place: Insight 386SX computer & Panasonic fax machine & portable cassette player

Game dynamics:

Coryat scores:

Dennis Carol Paul
$6,400 $5,200 $5,200
20 R,
1 W
17 R
(including 1 DD),
4 W
(including 1 DD)
15 R
(including 1 DD),
3 W

Combined Coryat: $16,800

The J! Archive is created by fans, for fans. The Jeopardy! game show and all elements thereof, including but not limited to copyright and trademark thereto, are the property of Jeopardy Productions, Inc. and are protected under law. This website is not affiliated with, sponsored by, or operated by Jeopardy Productions, Inc. Join the discussion at JBoard.tv.